• 首页
  • 本馆介绍
  • 公告通知
  • 最新文献
  • 馆藏检索
  • 电子资源
  • 读者导购
  • 参考咨询
  • 我的图书馆
  • 登录
  • 详细信息显示
  • 放入我的书架
  • 预约/预借图书
  • 作者相关作品
  • 分类相关作品
  • 丛书相关作品
  • 出版社相关作品

书目信息

  • 表格格式
  • 工作单格式
  • 卡片格式
题名:
太阳光泵浦激光器
    
 
作者: 赵长明 编著
分册:  
出版信息: 北京   国防工业出版社  2016.11
页数: 13,194页
开本: 24cm
丛书名: 现代激光技术及应用丛书
单 册:
中图分类: TN245
科图分类:
主题词: 日光--光泵浦--激光器
电子资源:
ISBN: 978-7-118-10589-6
000 01009nam 2200265 450
001 0400003688
005 20171022115222.0
010    @a978-7-118-10589-6@dCNY68.00
100    @a20170619d2016 em y0chiy50 ea
101 0  @achi
102    @aCN@b110000
105    @aa z 000yy
106    @ar
200 1  @a太阳光泵浦激光器@9tai yang guang beng pu ji guang qi@f赵长明编著
210    @a北京@c国防工业出版社@d2016.11
215    @a13,194页@c图@d24cm
225 1  @a现代激光技术及应用丛书
330    @a本书在综述太阳光泵浦固体激光器研究历史的基础上,首先介绍了空间和地面上太阳光的特性、太阳光跟踪系统的研究等;其次介绍了太阳光泵浦固体激光器的若干理论问题;再次介绍了太阳光泵浦固体激光器材料方面的研究工作等;最后介绍了太阳光泵浦固体激光器的应用前景。
410  0 @12001 @a现代激光技术及应用丛书
510 1  @aSolar pumped lasers@zeng
606 0  @a日光@x光泵浦@x激光器
690    @aTN245@v5
701  0 @a赵长明@9zhao chang ming@4编著
801  0 @aCN@b91MARC@c20171022
905    @b1034031-5@dTN245@f5@e129
    
    太阳光泵浦激光器/赵长明编著.-北京:国防工业出版社,2016.11
    13,194页:图;24cm.-(现代激光技术及应用丛书)
    
    
    ISBN 978-7-118-10589-6:CNY68.00
    本书在综述太阳光泵浦固体激光器研究历史的基础上,首先介绍了空间和地面上太阳光的特性、太阳光跟踪系统的研究等;其次介绍了太阳光泵浦固体激光器的若干理论问题;再次介绍了太阳光泵浦固体激光器材料方面的研究工作等;最后介绍了太阳光泵浦固体激光器的应用前景。
●
相关链接 在E读中查询图书 在五车中查询图书 在当当中查询图书 在豆瓣中查询图书


正题名:太阳光泵浦激光器     索取号:TN245/129         预约/预借

序号 登录号 条形码 馆藏地/架位号 状态 备注
1 1034031   210340317   第二样本阅览室/ [索取号:TN245/129] 在馆    
2 1034032   210340326   密集书库-物理学院/ [索取号:TN245/129] 在馆    
3 1034033   210340335   第三借阅区/ [索取号:TN245/129] 在馆    
4 1034034   210340344   第三借阅区/ [索取号:TN245/129] 在馆    
5 1034035   210340353   第三借阅区/ [索取号:TN245/129] 在馆    
唐山师范学院图书馆 欢迎您!
大连网信软件有限公司© 版权所有